A Textbook of Research Methodology in Social Sciences (Record no. 8)

MARC details
000 -LEADER
fixed length control field 00411nam a22001577a 4500
005 - DATE AND TIME OF LATEST TRANSACTION
control field 20180220154230.0
008 - FIXED-LENGTH DATA ELEMENTS--GENERAL INFORMATION
fixed length control field 160426b xxu||||| |||| 00| 0 eng d
020 ## - INTERNATIONAL STANDARD BOOK NUMBER
ISBN 978-81-8054686-0
041 ## - LANGUAGE CODE
Language code of text/sound track or separate title eng
082 ## - DEWEY DECIMAL CLASSIFICATION NUMBER
Item number 00044
Classification number 001.42
100 ## - MAIN ENTRY--AUTHOR NAME
Personal name Tripathi, P.C.
245 ## - TITLE STATEMENT
Title A Textbook of Research Methodology in Social Sciences
260 ## - PUBLICATION, DISTRIBUTION, ETC. (IMPRINT)
Place of publication New Delhi
Name of publisher Sultan Chand & Sons
Year of publication 2008
300 ## - PHYSICAL DESCRIPTION
Number of Pages 364
942 ## - ADDED ENTRY ELEMENTS (KOHA)
Koha item type Books
Holdings
Lost status Damaged status Collection code Home library Current library Shelving location Date acquired Cost, normal purchase price Full call number Accession Number Koha item type
    MANAGEMENT JRU Library JRU Library   26/04/2016 175.00 001.42 00044 Books
    MANAGEMENT JRU Library JRU Library   26/04/2016 175.00 001.42 00045 Books
    MANAGEMENT JRU Library JRU Library   26/04/2016 175.00 001.42 00046 Books
    MANAGEMENT JRU Library JRU Library   26/04/2016 175.00 001.42 00047 Books
    MANAGEMENT JRU Library JRU Library   26/04/2016 175.00 001.42 00048 Books
    MANAGEMENT JRU Library JRU Library   26/04/2016 175.00 001.42 00049 Books
    MANAGEMENT JRU Library JRU Library   26/04/2016 175.00 001.42 00050 Books
    MANAGEMENT JRU Library JRU Library   26/04/2016 175.00 001.42 00051 Books
    MANAGEMENT JRU Library JRU Library   26/04/2016 175.00 001.42 00052 Books
    MANAGEMENT JRU Library JRU Library   26/04/2016 175.00 001.42 00053 Books
    MANAGEMENT JRU Library JRU Library   26/04/2016 175.00 001.42 00054 Books
    MANAGEMENT JRU Library JRU Library   26/04/2016 175.00 001.42 00055 Books